Suomen vanhimmat kaupungit - Statistics

Yleistilastot
  • Tätä visaa on pelattu 158 kertaa
  • Keskiarvotulos 17 / 25
Vastaustilastot
Hint Vastaus % Oikein
1200-luku Turku
100%
1550 Helsinki
95%
1605 Oulu
95%
1346 Porvoo
90%
1606 Vaasa
90%
1558 Pori
88%
1442 Rauma
87%
1639 Hämeenlinna
81%
1620 Kokkola
81%
1639 Savonlinna
76%
1443 Naantali
73%
1653 Hamina
65%
1652 Pietarsaari
64%
1649 Lappeenranta
63%
1649 Raahe
63%
1365 Ulvila
61%
1649 Kristiinankaupunki
60%
1651 Kajaani
58%
1546 Tammisaari
55%
1617 Uusikaupunki
55%
1621 Tornio
52%
1403 Viipuri
52%
1620 Uusikaarlepyy
43%
1293 Käkisalmi
28%
1632 Sortavala
28%
Ehtoja vastaavia visoja ei löytynyt
Tulosjakauma
Jokaisen tuloksen saaneiden osuus
Persentiili vastausten määrän mukaan
Tuloshistoriasi
Et ole pelannut tätä visaa